Statistics for Official Cities of Ireland on a Map

Click here to take the quiz!

General Stats

  • This quiz has been taken 65 times
  • The average score is 9 of 11

Answers on the Map

Answers color-coded by a green-red scale on the quiz's map according to % correct below.
Loading ...
 

Answer Stats

PopulationCity% Correct
340,200Belfast
100%
554,554Dublin
100%
125,657Cork
98%
85,016Derry/Londonderry
94%
94,192Limerick
86%
79,934Galway
84%
53,504Waterford
82%
24,423Kilkenny
65%
14,590Armagh
57%
71,465Lisburn
53%
29,946Newry
47%

Score Distribution

Percentile by Number Answered

Percent of People with Each Score

Your Score History

You have not taken this quiz